| 000 | 00632nam a22001937a 4500 | ||
|---|---|---|---|
| 999 |
_c61320 _d61320 |
||
| 005 | 20240207110432.0 | ||
| 008 | 240207s2014 enk||||| |||| 00| 0 eng d | ||
| 020 | _a9780071808552 | ||
| 041 | _aeng | ||
| 080 | _a004.43 Sch-31 | ||
| 100 |
_aSchildt, Herbert _912391 |
||
| 245 |
_aJava: _bThe Complete Reference / _cHerbert Schildt. |
||
| 250 | _aNinth Edition | ||
| 264 |
_aNew York : _bMcGraw-Hill Education, _c2014. |
||
| 300 |
_a1276 p.: _bill.; _c23 cm. |
||
| 653 | _aპროგრამირება | ||
| 653 | _aკომპიუტერული მეცნიერებანი | ||
| 942 |
_2udc _cᲬᲘᲒᲜᲘ |
||